[Event "7th EuropCh Men"]
[Site "Kusadasi / Turkey"]
[Date "2006.04.07"]
[Round "4"]
[White "Winants, Luc"]
[Black "Pelletier, Yannick"]
[Result "1/2-1/2"]
[WhiteElo "2530"]
[BlackElo "2570"]
[PlyCount "68"]
[EventDate "2006.04.04"]
[EventRounds "11"]
[EventCountry "AUT"]

1. d4 Nf6 2. c4 e6 3. Nc3 Bb4 4. f3 d5 5. a3 Bxc3+ 6. bxc3 c5 7. cxd5 Nxd5 8.
dxc5 f5 9. Nh3 O-O 10. c4 Nf6 11. Qxd8 Rxd8 12. Nf2 Nc6 13. Bb2 e5 14. Nd3 Nd4
15. Kf2 e4 16. Bxd4 Rxd4 17. Ne5 Rd2 18. Ke3 Rc2 19. g3 Bd7 20. Nxd7 Nxd7 21.
c6 bxc6 22. fxe4 Rb8 23. exf5 Rb3+ 24. Kf2 Nf6 25. Ke1 Ng4 26. h3 Ne3 27. Kf2
Nxf5 28. Bg2 Nd4 29. Rhe1 Kf7 30. Rac1 Rxc1 31. Rxc1 Rxa3 32. Rb1 Kf6 33. Rb7
Ra2 34. Bf3 Nxf3 1/2-1/2

[Event "7th EuropCh Men"]
[Site "Kusadasi / Turkey"]
[Date "2006.04.07"]
[Round "4"]
[White "Pashikian, Arman"]
[Black "Sedlak, Nikola"]
[Result "1/2-1/2"]
[WhiteElo "2475"]
[BlackElo "2564"]
[PlyCount "86"]
[EventDate "2006.04.04"]
[EventRounds "11"]
[EventCountry "AUT"]

1. e4 c5 2. Nc3 Nc6 3. Nf3 d6 4. d4 cxd4 5. Nxd4 Nf6 6. Bg5 Bd7 7. Qd2 Nxd4 8.
Qxd4 Qa5 9. Bd2 e5 10. Qe3 Rc8 11. Bd3 a6 12. Qg3 Qc5 13. O-O h5 14. h3 h4 15.
Qf3 Be7 16. a4 Be6 17. Rfe1 Kf8 18. a5 g6 19. Na4 Qc7 20. Nb6 Re8 21. c4 Kg7
22. b4 Nd7 23. Nd5 Qd8 24. Rad1 Bxd5 25. cxd5 Bg5 26. Bc3 Qc7 27. Bb2 Nf6 28.
Re2 Rc8 29. Rc2 Qd7 30. Ra1 Bf4 31. Qe2 Rc7 32. Rxc7 Qxc7 33. Qe1 Rc8 34. Kf1
Qd7 35. Ra3 Kh7 36. Rc3 Rf8 37. Qd1 Ng8 38. Qc2 Rb8 39. Rc7 Qd8 40. Ba3 Nf6 41.
Qa4 Nh5 42. Be2 Nf6 43. Bd3 Ng8 1/2-1/2

[Event "7th EuropCh Men"]
[Site "Kusadasi / Turkey"]
[Date "2006.04.07"]
[Round "4"]
[White "Weiss, Christian"]
[Black "Gagunashvili, Merab"]
[Result "1/2-1/2"]
[WhiteElo "2437"]
[BlackElo "2555"]
[PlyCount "59"]
[EventDate "2006.04.04"]
[EventRounds "11"]
[EventCountry "AUT"]

1. d4 Nf6 2. g3 d5 3. Nf3 c6 4. Bg2 Bf5 5. O-O e6 6. c4 Nbd7 7. b3 Be7 8. Bb2
O-O 9. Nc3 Ne4 10. Nd2 Nxd2 11. Qxd2 a6 12. e3 dxc4 13. bxc4 Ne5 14. c5 Nd3 15.
Rad1 e5 16. Ne4 Nxb2 17. Qxb2 Qc7 18. dxe5 Bxe4 19. Bxe4 Rfd8 20. h4 g6 21. Qc3
Rxd1 22. Rxd1 Rd8 23. Rd4 Bf8 24. f4 Re8 25. h5 Qe7 26. hxg6 hxg6 27. Rd6 Qc7
28. Rd4 Qe7 29. Rd6 Qc7 30. Rd4 1/2-1/2

[Event "7th EuropCh Men"]
[Site "Kusadasi / Turkey"]
[Date "2006.04.07"]
[Round "4"]
[White "Manca, Federico"]
[Black "Erenburg, Sergey"]
[Result "1-0"]
[WhiteElo "2417"]
[BlackElo "2554"]
[PlyCount "91"]
[EventDate "2006.04.04"]
[EventRounds "11"]
[EventCountry "AUT"]

1. e4 c6 2. d4 d5 3. Nc3 dxe4 4. Nxe4 Bf5 5. Ng3 Bg6 6. Bc4 e6 7. N1e2 Bd6 8.
O-O Nf6 9. f4 Bf5 10. Nxf5 exf5 11. Ng3 g6 12. Re1+ Kf8 13. Qf3 h5 14. b3 h4
15. Nh1 Nbd7 16. Nf2 Nb6 17. Bf1 Qc7 18. c4 Nbd7 19. Nd3 Ne4 20. Bb2 Ndf6 21.
Rad1 Rd8 22. b4 Rh7 23. a3 Nh5 24. Ne5 Kg8 25. c5 Bxe5 26. dxe5 Nd2 27. Qe3
Nxf1 28. Rxf1 h3 29. Rd6 Re8 30. Rfd1 f6 31. Qb3+ Kf8 32. g3 Rhe7 33. e6 Qc8
34. Re1 Kg8 35. Rd7 Kh7 36. Rd6 Ng7 37. Bxf6 Rxe6 38. Rexe6 Nxe6 39. Qd3 Nf8
40. Be5 Kg8 41. g4 Re7 42. Rd8 Qe6 43. Qxh3 Rh7 44. Qxh7+ Kxh7 45. Rxf8 g5 46.
gxf5 1-0

[Event "7th EuropCh Men"]
[Site "Kusadasi / Turkey"]
[Date "2006.04.07"]
[Round "4"]
[White "Kuzubov, Yuriy"]
[Black "Almond, Richard"]
[Result "1-0"]
[WhiteElo "2548"]
[BlackElo "2093"]
[PlyCount "63"]
[EventDate "2006.04.04"]
[EventRounds "11"]
[EventCountry "AUT"]

1. d4 d5 2. c4 e6 3. Nf3 Nf6 4. Nc3 Be7 5. Bg5 O-O 6. e3 Nbd7 7. Qc2 b6 8. cxd5
exd5 9. Bd3 Bb7 10. O-O c5 11. Rfd1 Rc8 12. Bf5 g6 13. Bh3 cxd4 14. Nxd4 Ne4
15. Bxe7 Qxe7 16. Qa4 Nec5 17. Qa3 a6 18. Rac1 Rfd8 19. g3 Qe5 20. Na4 Qh5 21.
Bf1 Nxa4 22. Qxa4 Ne5 23. Be2 Qh3 24. Qb4 Nd7 25. Qd6 Rc5 26. b4 Rxc1 27. Rxc1
Qh6 28. Rc7 Bc8 29. Nc6 Qf8 30. Rxc8 Rxc8 31. Ne7+ Kg7 32. Nxc8 1-0

[Event "7th EuropCh Men"]
[Site "Kusadasi / Turkey"]
[Date "2006.04.07"]
[Round "4"]
[White "Guliev, Logman"]
[Black "Sakaev, Konstantin"]
[Result "1/2-1/2"]
[WhiteElo "2384"]
[BlackElo "2637"]
[PlyCount "63"]
[EventDate "2006.04.04"]
[EventRounds "11"]
[EventCountry "AUT"]

1. e4 c5 2. Nf3 d6 3. d4 cxd4 4. Nxd4 Nf6 5. Nc3 a6 6. Be3 Ng4 7. Bg5 h6 8. Bh4
g5 9. Bg3 Bg7 10. h3 Ne5 11. Nf5 Bxf5 12. exf5 Nbd7 13. Nd5 Nb6 14. c3 Nxd5 15.
Qxd5 Qd7 16. Be2 Qc6 17. Rd1 Qxd5 18. Rxd5 Rc8 19. Kd1 Nc4 20. Kc2 b5 21. a3
Bf6 22. h4 O-O 23. hxg5 hxg5 24. Kb1 Kg7 25. Bf3 Nb6 26. Rd3 Rc4 27. Re1 Nd7
28. Bd5 Rg4 29. Bf3 Rc4 30. Bd5 Rg4 31. Bf3 Ra4 32. Bd5 1/2-1/2

[Event "7th EuropCh Men"]
[Site "Kusadasi / Turkey"]
[Date "2006.04.07"]
[Round "4"]
[White "Agrest, Evgenij"]
[Black "Steingrimsson, Hedinn"]
[Result "1/2-1/2"]
[WhiteElo "2570"]
[BlackElo "2447"]
[PlyCount "92"]
[EventDate "2006.04.04"]
[EventRounds "11"]
[EventCountry "AUT"]

1. Nf3 d5 2. d4 Nf6 3. c4 dxc4 4. e3 e6 5. Bxc4 c5 6. O-O a6 7. a4 Nc6 8. Qe2
Qc7 9. Nc3 Bd6 10. h3 O-O 11. Bd2 cxd4 12. exd4 e5 13. dxe5 Nxe5 14. Nxe5 Bxe5
15. Rfe1 Bd4 16. Nd5 Nxd5 17. Bxd5 Be6 18. Bxe6 fxe6 19. Qxe6+ Qf7 20. Qxf7+
Rxf7 21. Be3 Bxb2 22. Rab1 Bf6 23. Rec1 Rd8 24. g4 Rd5 25. Rc8+ Rd8 26. Rc4 h6
27. Kg2 Rd5 28. Rcb4 Rdd7 29. R1b3 Rfe7 30. f4 b5 31. axb5 axb5 32. Rxb5 Bd4
33. Bxd4 Rxd4 34. Kg3 Red7 35. f5 Rd3+ 36. Rxd3 Rxd3+ 37. Kh4 Kf7 38. Rb6 Ra3
39. Rb7+ Kf6 40. Rb1 g5+ 41. fxg6 Kxg6 42. Rg1 Rb3 43. Rg3 Rxg3 44. Kxg3 h5 45.
Kh4 hxg4 46. hxg4 Kh6 1/2-1/2

[Event "7th EuropCh Men"]
[Site "Kusadasi / Turkey"]
[Date "2006.04.07"]
[Round "4"]
[White "Zueger, Beat"]
[Black "Kurnosov, Igor"]
[Result "0-1"]
[WhiteElo "2433"]
[BlackElo "2526"]
[PlyCount "72"]
[EventDate "2006.04.04"]
[EventRounds "11"]
[EventCountry "AUT"]

1. c4 g6 2. g3 Bg7 3. Bg2 e5 4. Nc3 Nc6 5. e3 Nf6 6. Nge2 d6 7. d3 h5 8. e4 Be6
9. Bg5 Qd7 10. Nd5 Nh7 11. Be3 Nd8 12. Qd2 c6 13. Ndc3 Nf6 14. f4 O-O 15. h3
Nh7 16. O-O-O f5 17. exf5 gxf5 18. c5 Nf7 19. cxd6 Qxd6 20. fxe5 Nxe5 21. Nf4
Bf7 22. Qf2 Rfe8 23. Kb1 b5 24. Bc5 Qf6 25. Rhe1 a5 26. d4 Nc4 27. Rxe8+ Rxe8
28. Re1 Rxe1+ 29. Qxe1 b4 30. Nce2 Ng5 31. Nc1 Ne4 32. Bxe4 fxe4 33. Nb3 e3 34.
h4 Qf5+ 35. Kc1 Bg6 36. Nxg6 Qf2 0-1

[Event "7th EuropCh Men"]
[Site "Kusadasi / Turkey"]
[Date "2006.04.07"]
[Round "4"]
[White "Zelcic, Robert"]
[Black "Safarli, Eltaj"]
[Result "1/2-1/2"]
[WhiteElo "2525"]
[BlackElo "2417"]
[PlyCount "127"]
[EventDate "2006.04.04"]
[EventRounds "11"]
[EventCountry "AUT"]

1. e4 c5 2. Nf3 d6 3. d4 cxd4 4. Nxd4 Nf6 5. Nc3 a6 6. a4 g6 7. Be2 Bg7 8. O-O
O-O 9. Be3 Nc6 10. Qd2 Bd7 11. f3 Rc8 12. Kh1 Re8 13. Rfd1 Qc7 14. Nxc6 Bxc6
15. a5 Nd7 16. Bd4 Bxd4 17. Qxd4 Nf6 18. Rd2 Red8 19. Bc4 Bd7 20. Bb3 Qc5 21.
Ne2 Be6 22. Bxe6 fxe6 23. Qd3 Qc4 24. Qe3 e5 25. Ng3 Qb4 26. c3 Qc5 27. Qg5 Kf7
28. Qh6 Rg8 29. Qh3 Qc4 30. Nf1 Qc5 31. Qg3 g5 32. Qe1 g4 33. Ng3 gxf3 34. gxf3
Rg6 35. Qg1 Qxg1+ 36. Rxg1 Rcg8 37. Rgd1 Ke6 38. c4 Rc8 39. b3 Nd7 40. Nf5 Nb8
41. Rxd6+ exd6 42. Rxd6+ Kf7 43. Rxg6 hxg6 44. Nd6+ Ke6 45. Nxc8 Nc6 46. Nb6
Nxa5 47. b4 Nc6 48. Nd5 a5 49. bxa5 Nxa5 50. Nb6 Kd6 51. Kg2 Kc6 52. Nd5 Nxc4
53. f4 exf4 54. Nxf4 Ne5 55. Kf2 b5 56. Ke3 Kc5 57. Nd5 g5 58. Kf2 Ng4+ 59. Kf3
Nxh2+ 60. Kg3 Nf1+ 61. Kg4 Nd2 62. Nc7 Nxe4 63. Nxb5 Kxb5 64. Kf5 1/2-1/2

[Event "7th EuropCh Men"]
[Site "Kusadasi / Turkey"]
[Date "2006.04.07"]
[Round "4"]
[White "Iskusnyh, Sergei"]
[Black "Seeman, Tarvo"]
[Result "0-1"]
[WhiteElo "2510"]
[BlackElo "2412"]
[PlyCount "96"]
[EventDate "2006.04.04"]
[EventRounds "11"]
[EventCountry "AUT"]

1. d4 Nf6 2. c4 g6 3. Nc3 Bg7 4. e4 d6 5. Be2 O-O 6. Nf3 e5 7. O-O Na6 8. Be3
c6 9. dxe5 dxe5 10. Qxd8 Rxd8 11. h3 Nh5 12. Rfd1 Re8 13. a3 Nf4 14. Bf1 Ne6
15. b4 f5 16. c5 Nac7 17. Rab1 h6 18. Nh4 f4 19. Bc1 Nd4 20. Ne2 g5 21. Nxd4
exd4 22. Nf3 Rxe4 23. Bb2 Bf5 24. Bd3 Nb5 25. Rbc1 Nc3 26. Rd2 a5 27. Bxe4 Nxe4
28. Rxd4 Bxd4 29. Nxd4 Bg6 30. b5 cxb5 31. c6 bxc6 32. Rxc6 Be8 33. Rxh6 Rd8
34. Re6 Nd2 35. Nf5 Nc4 36. Bf6 Rd1+ 37. Kh2 Bd7 38. Ne7+ Kf7 39. Ra6 Nd2 40.
g3 Be6 41. gxf4 gxf4 42. Ng8 Bd5 43. Nh6+ Ke8 44. f3 Bxf3 45. Re6+ Kd7 46. Re7+
Kc6 47. Re6+ Kd5 48. Re5+ Kc4 0-1

[Event "7th EuropCh Men"]
[Site "Kusadasi / Turkey"]
[Date "2006.04.07"]
[Round "4"]
[White "Mastrovasilis, Athanasios"]
[Black "Lanzani, Mario"]
[Result "1-0"]
[WhiteElo "2508"]
[BlackElo "2347"]
[PlyCount "93"]
[EventDate "2006.04.04"]
[EventRounds "11"]
[EventCountry "AUT"]

1. d4 d5 2. Nf3 Nf6 3. c4 c6 4. Nc3 a6 5. Ne5 dxc4 6. Nxc4 b5 7. Ne5 e6 8. Bf4
c5 9. e3 cxd4 10. exd4 Bb7 11. Be2 Bxg2 12. Rg1 Bd5 13. Bf3 g6 14. Bxd5 Nxd5
15. Qf3 Nxf4 16. Qxa8 Bh6 17. Nc6 Nxc6 18. Qxc6+ Kf8 19. Rd1 Kg7 20. Qe4 Re8
21. Rg3 Kg8 22. Ne2 Nd5 23. Kf1 Rf8 24. Nc3 Nf4 25. d5 exd5 26. Nxd5 Ne6 27. h4
Bg7 28. h5 Re8 29. hxg6 hxg6 30. Qb4 Bf8 31. Qg4 Bg7 32. Nc3 Qc7 33. Rgd3 Qh2
34. Rh3 Qc7 35. Qg3 Qc4+ 36. Qd3 Qg4 37. Qf3 Qc4+ 38. Qd3 Qg4 39. Rg3 Qh4 40.
Qe4 Qh2 41. Rd7 Qh6 42. Nd5 Qc1+ 43. Kg2 Qxb2 44. Ne7+ Kf8 45. Nxg6+ fxg6 46.
Rf3+ Kg8 47. Qxg6 1-0

[Event "7th EuropCh Men"]
[Site "Kusadasi / Turkey"]
[Date "2006.04.07"]
[Round "4"]
[White "Vuilleumier, Alex"]
[Black "Stevic, Hrvoje"]
[Result "0-1"]
[WhiteElo "2354"]
[BlackElo "2502"]
[PlyCount "64"]
[EventDate "2006.04.04"]
[EventRounds "11"]
[EventCountry "AUT"]

1. e4 c5 2. Nf3 d6 3. d4 cxd4 4. Nxd4 Nf6 5. Nc3 a6 6. Be3 Nc6 7. Be2 e6 8. O-O
Be7 9. f4 O-O 10. Qe1 Nxd4 11. Bxd4 b5 12. Rd1 Bb7 13. Bf3 Qc7 14. e5 dxe5 15.
fxe5 Nd7 16. Bxb7 Qxb7 17. Rd3 Qc7 18. Qe4 Bc5 19. Re1 Rad8 20. Rde3 Nf6 21.
exf6 Bxd4 22. fxg7 Rfe8 23. Kh1 f5 24. Nd5 fxe4 25. Nxc7 Bxe3 26. Nxe8 Bf2 27.
Rf1 e3 28. Nf6+ Kxg7 29. Nh5+ Kh6 30. Nf4 e5 31. Ne2 Rd2 32. Ng1 e2 0-1

[Event "7th EuropCh Men"]
[Site "Kusadasi / Turkey"]
[Date "2006.04.07"]
[Round "4"]
[White "Vehi Bach, Victor"]
[Black "Kosintseva, Tatiana"]
[Result "1-0"]
[WhiteElo "2335"]
[BlackElo "2489"]
[PlyCount "77"]
[EventDate "2006.04.04"]
[EventRounds "11"]
[EventCountry "AUT"]

1. e4 c5 2. Nf3 Nc6 3. d4 cxd4 4. Nxd4 Nf6 5. Nc3 e5 6. Ndb5 d6 7. Bg5 a6 8.
Na3 b5 9. Bxf6 gxf6 10. Nd5 Bg7 11. Bd3 Ne7 12. Nxe7 Qxe7 13. O-O O-O 14. c4 f5
15. Qf3 d5 16. cxd5 fxe4 17. Bxe4 Rb8 18. Rfd1 f5 19. d6 Qf6 20. Bc6 Be6 21.
Bd5 Rbd8 22. Qb3 Bxd5 23. Rxd5 Kh8 24. Rad1 e4 25. Nc2 f4 26. d7 f3 27. g3 Qe6
28. Rd6 Qh3 29. Ne3 b4 30. Qe6 Qxe6 31. Rxe6 Bxb2 32. Rxe4 Bc3 33. Nd5 Kg7 34.
Nxc3 bxc3 35. Rc4 Rf7 36. Rxc3 Rfxd7 37. Rxd7+ Rxd7 38. Rxf3 Rd5 39. g4 1-0

[Event "7th EuropCh Men"]
[Site "Kusadasi / Turkey"]
[Date "2006.04.07"]
[Round "4"]
[White "Guliev, Sarhan"]
[Black "Kurmann, Oliver"]
[Result "1-0"]
[WhiteElo "2484"]
[BlackElo "2297"]
[PlyCount "151"]
[EventDate "2006.04.04"]
[EventRounds "11"]
[EventCountry "AUT"]

1. d4 d5 2. c4 c6 3. Nf3 Nf6 4. Nc3 a6 5. cxd5 cxd5 6. Bf4 Nc6 7. e3 Bg4 8. Be2
Bxf3 9. Bxf3 e6 10. O-O h6 11. Na4 Bd6 12. Bxd6 Qxd6 13. Rc1 O-O 14. Be2 Rac8
15. a3 Rc7 16. b4 Rfc8 17. Qd2 e5 18. Nb6 Rd8 19. dxe5 Nxe5 20. Qd4 Rc6 21. Na4
Rdc8 22. Rxc6 Rxc6 23. Nc5 Rc7 24. Rd1 Ned7 25. Nxd7 Qxd7 26. Bf3 Qa4 27. Qd3
Rc6 28. h3 a5 29. bxa5 Qxa5 30. Bxd5 Nxd5 31. Qxd5 Qxa3 32. Qd8+ Kh7 33. Qd7
Qb3 34. Rd3 Qb4 35. Kh2 Rf6 36. f4 b6 37. Qd5 Qb2 38. Rd2 Qc3 39. Qe4+ g6 40.
Rc2 Qa1 41. Qe8 Rf5 42. Rc7 Qg7 43. g4 Rf6 44. Re7 Re6 45. Rxe6 fxe6 46. Qxe6
Qc7 47. Qd5 g5 48. Qf5+ Kg7 49. Kg3 gxf4+ 50. Qxf4 Qb7 51. Qe5+ Kh7 52. Kf4 Qa6
53. Qe7+ Kg8 54. Kf5 b5 55. Qd8+ Kg7 56. Qc7+ Kg8 57. e4 b4 58. Qd8+ Kf7 59.
Qd7+ Kf8 60. e5 b3 61. Qd8+ Kf7 62. Qc7+ Kf8 63. Qb8+ Kg7 64. Qxb3 Qf1+ 65. Ke4
Qe2+ 66. Kd5 Qg2+ 67. Kd6 Qd2+ 68. Ke6 Qg2 69. Ke7 Qf2 70. Qd5 Qh4+ 71. Ke8
Qxh3 72. Qf7+ Kh8 73. Qg6 Qh2 74. Qf6+ Kh7 75. Qf7+ Kh8 76. Kf8 1-0

[Event "7th EuropCh Men"]
[Site "Kusadasi / Turkey"]
[Date "2006.04.07"]
[Round "4"]
[White "Iljushin, Alexei"]
[Black "Can, Emre"]
[Result "1-0"]
[WhiteElo "2483"]
[BlackElo "2277"]
[PlyCount "89"]
[EventDate "2006.04.04"]
[EventRounds "11"]
[EventCountry "AUT"]

1. d4 Nf6 2. c4 e6 3. g3 d5 4. Nf3 dxc4 5. Bg2 Nc6 6. O-O Rb8 7. e3 Bd7 8. Qe2
b5 9. b3 cxb3 10. axb3 Bb4 11. Bb2 O-O 12. Nc3 Na5 13. Qc2 Bc6 14. e4 Ba8 15.
Rfd1 h6 16. Ne5 Nd7 17. Nd3 Nc6 18. Na2 Ba5 19. d5 exd5 20. exd5 Ne7 21. Nab4
Bb6 22. Nc6 Nxc6 23. dxc6 Nf6 24. b4 Re8 25. Nc5 Qe7 26. Bxf6 gxf6 27. Rd7 Qe5
28. Qa2 Re7 29. Rxe7 Qxe7 30. Nd7 Rd8 31. Qd2 Kg7 32. Re1 Qd6 33. Qxd6 cxd6 34.
Nxb6 axb6 35. Rd1 Kg6 36. h4 h5 37. Bf3 Rc8 38. Rxd6 Kf5 39. Bg2 Kg6 40. f4 Rc7
41. Kf2 Rc8 42. Be4+ Kg7 43. Ke3 f5 44. Bd5 Kg8 45. c7 1-0

[Event "7th EuropCh Men"]
[Site "Kusadasi / Turkey"]
[Date "2006.04.07"]
[Round "4"]
[White "Romanov, Evgeny"]
[Black "Soltanici, Ruslan"]
[Result "1-0"]
[WhiteElo "2480"]
[BlackElo "2323"]
[PlyCount "53"]
[EventDate "2006.04.04"]
[EventRounds "11"]
[EventCountry "AUT"]

1. e4 c5 2. Nf3 d6 3. d4 cxd4 4. Nxd4 Nf6 5. Nc3 a6 6. Be2 e6 7. O-O Be7 8. a4
Nc6 9. Be3 Qc7 10. f4 O-O 11. Kh1 Re8 12. Bf3 Bf8 13. Qd2 Nxd4 14. Bxd4 e5 15.
Bf2 exf4 16. Bd4 Be7 17. Qxf4 Be6 18. e5 dxe5 19. Bxe5 Qc8 20. Qg3 g6 21. Rad1
Nd7 22. Bd4 Qb8 23. Qf2 Ne5 24. Nd5 Bd8 25. Rde1 Nd7 26. Bg4 Rf8 27. Rxe6 1-0

[Event "7th EuropCh Men"]
[Site "Kusadasi / Turkey"]
[Date "2006.04.07"]
[Round "4"]
[White "Aleskerov, Faik"]
[Black "Williams, Simon"]
[Result "0-1"]
[WhiteElo "2325"]
[BlackElo "2478"]
[PlyCount "65"]
[EventDate "2006.04.04"]
[EventRounds "11"]
[EventCountry "AUT"]

1. e4 c5 2. a3 g6 3. h4 h5 4. Nc3 Bg7 5. b4 d6 6. Rb1 Nc6 7. Nf3 Nf6 8. d3 O-O
9. Be2 Ng4 10. Nd5 Nd4 11. Nxd4 cxd4 12. Bg5 f6 13. Bd2 e5 14. f3 Nh6 15. g4
hxg4 16. fxg4 Nf7 17. O-O Be6 18. Qe1 Bxd5 19. exd5 Bh6 20. g5 fxg5 21. Qg3 Qe7
22. h5 Nh8 23. Bg4 Kg7 24. Kg2 Rxf1 25. Rxf1 Rf8 26. Rh1 Qc7 27. Bd1 Qf7 28.
Bf3 Qf6 29. a4 gxh5 30. Rxh5 Ng6 31. Bxg5 Bxg5 32. Rxg5 Kf7 33. b5 0-1

[Event "7th EuropCh Men"]
[Site "Kusadasi / Turkey"]
[Date "2006.04.07"]
[Round "4"]
[White "Simeonidis, Ioannis"]
[Black "Hillarp Persson, Tiger"]
[Result "0-1"]
[WhiteElo "2307"]
[BlackElo "2524"]
[PlyCount "54"]
[EventDate "2006.04.04"]
[EventRounds "11"]
[EventCountry "AUT"]

1. d4 g6 2. c4 Bg7 3. Nf3 d6 4. Nc3 Nf6 5. e4 O-O 6. Be2 Bg4 7. Be3 Nfd7 8. O-O
c5 9. d5 Na6 10. Ng5 Bxe2 11. Qxe2 h6 12. Nh3 Nc7 13. f4 f5 14. Nf2 a6 15. a4
b5 16. axb5 axb5 17. cxb5 Rxa1 18. Rxa1 Qb8 19. exf5 gxf5 20. Bd2 Rf7 21. Nfd1
Nb6 22. Qd3 Qb7 23. Ne3 Bd4 24. Kh1 Bxe3 25. Qxe3 Ncxd5 26. Qe6 Nd7 27. Qxh6
Rh7 0-1

[Event "7th EuropCh Men"]
[Site "Kusadasi / Turkey"]
[Date "2006.04.07"]
[Round "4"]
[White "Kovacevic, Blazimir"]
[Black "Erdogdu, Mert"]
[Result "1-0"]
[WhiteElo "2468"]
[BlackElo "2373"]
[PlyCount "123"]
[EventDate "2006.04.04"]
[EventRounds "11"]
[EventCountry "AUT"]

1. c4 Nf6 2. Nc3 g6 3. e4 d6 4. d4 Bg7 5. Bd3 O-O 6. Nge2 c5 7. d5 e6 8. h3
exd5 9. exd5 Nbd7 10. f4 Ne8 11. O-O f5 12. Bd2 Ndf6 13. a3 a5 14. Rb1 Nc7 15.
Kh1 Bd7 16. b4 axb4 17. axb4 cxb4 18. Rxb4 Na6 19. Rb1 Nc5 20. Bc2 Re8 21. Be1
Nh5 22. Rf3 Qc7 23. Ng3 Nf6 24. Bf2 Re7 25. Re3 Rxe3 26. Bxe3 Ra3 27. Bd4 Ra8
28. Qd2 Re8 29. Re1 Rxe1+ 30. Qxe1 Nh5 31. Bxg7 Nxg7 32. Qe7 Qb8 33. Nge2 Qf8
34. Qxf8+ Kxf8 35. Kg1 Ke7 36. Kf2 Ne8 37. Nd4 Nc7 38. Ke3 N7a6 39. Bd1 Nc7 40.
g4 Kf6 41. g5+ Ke7 42. h4 Kf7 43. h5 gxh5 44. Bxh5+ Kg7 45. Bd1 Ne8 46. Bc2 Kg6
47. Nce2 h6 48. gxh6 Kxh6 49. Bxf5 Bxf5 50. Nxf5+ Kg6 51. Ne7+ Kf6 52. Nc8 Ng7
53. Ng3 Ne8 54. Kd4 Nb3+ 55. Ke3 b5 56. Ne4+ Kg6 57. cxb5 Nc7 58. Nc3 Ne8 59.
b6 Na5 60. Ne4 Nb7 61. Kd4 Kf5 62. Ncxd6+ 1-0

[Event "7th EuropCh Men"]
[Site "Kusadasi / Turkey"]
[Date "2006.04.07"]
[Round "4"]
[White "Ziska, Helgi Dam"]
[Black "Saric, Ivan"]
[Result "1/2-1/2"]
[WhiteElo "2306"]
[BlackElo "2393"]
[PlyCount "90"]
[EventDate "2006.04.04"]
[EventRounds "11"]
[EventCountry "AUT"]

1. e4 c5 2. Nf3 Nc6 3. d4 cxd4 4. Nxd4 Nf6 5. Nc3 e5 6. Ndb5 d6 7. Nd5 Nxd5 8.
exd5 Nb8 9. a4 Be7 10. Be2 O-O 11. O-O f5 12. f4 Nd7 13. Kh1 a6 14. Na3 Re8 15.
Nc4 Bf8 16. a5 Rb8 17. fxe5 Nxe5 18. Nb6 g6 19. Bf4 Bg7 20. Qd2 Nf7 21. c4 g5
22. Nxc8 Rxc8 23. Bg3 f4 24. Bf2 Qf6 25. Rab1 Ne5 26. b3 f3 27. Bg3 fxg2+ 28.
Kxg2 Qg6 29. Bxe5 Rxe5 30. Bg4 Rce8 31. Rbe1 Rxe1 32. Rxe1 Rf8 33. Qe2 Be5 34.
h3 Kg7 35. Bh5 Qf6 36. Qe3 Qh6 37. Bg4 Qh4 38. Rf1 Rxf1 39. Kxf1 h5 40. Bc8 g4
41. hxg4 hxg4 42. Qe4 Qh3+ 43. Qg2 Qd3+ 44. Qe2 Qb1+ 45. Kg2 Qxb3 1/2-1/2

[Event "7th EuropCh Men"]
[Site "Kusadasi / Turkey"]
[Date "2006.04.08"]
[Round "5"]
[White "Georgiev, Kiril"]
[Black "Dgebuadze, Alexandre"]
[Result "1-0"]
[WhiteElo "2677"]
[BlackElo "2535"]
[PlyCount "97"]
[EventDate "2006.04.04"]
[EventRounds "11"]
[EventCountry "AUT"]

1. d4 e6 2. c4 Nf6 3. Nc3 Bb4 4. Qc2 d6 5. a3 Bxc3+ 6. Qxc3 Nbd7 7. Nf3 b6 8.
g3 Bb7 9. Bg2 Qe7 10. O-O h6 11. b4 a5 12. Bb2 axb4 13. axb4 O-O 14. b5 Rxa1
15. Rxa1 Ra8 16. Rxa8+ Bxa8 17. Qa3 Qd8 18. Bh3 Bb7 19. Nd2 Ne4 20. Nxe4 Bxe4
21. f3 Bf5 22. Bf1 Bg6 23. e4 f6 24. Bh3 Bf7 25. Bc1 e5 26. d5 Nc5 27. Be3 Be8
28. Bxc5 dxc5 29. f4 Bg6 30. Be6+ Kh8 31. f5 Bh5 32. d6 cxd6 33. Qa7 Be8 34.
Kf2 h5 35. Ke3 Kh7 36. Bd5 h4 37. g4 Kh6 38. Bc6 g6 39. h3 gxf5 40. exf5 e4 41.
Bd5 Bd7 42. Bf7 Bc8 43. Qb8 d5 44. Bxd5 Qe8 45. Qf4+ Kg7 46. Qc7+ Kh6 47. g5+
fxg5 48. Qd6+ Kh5 49. Qf6 1-0

[Event "7th EuropCh Men"]
[Site "Kusadasi / Turkey"]
[Date "2006.04.08"]
[Round "5"]
[White "Macieja, Bartlomiej"]
[Black "Naiditsch, Arkadij"]
[Result "1/2-1/2"]
[WhiteElo "2584"]
[BlackElo "2664"]
[PlyCount "62"]
[EventDate "2006.04.04"]
[EventRounds "11"]
[EventCountry "AUT"]

1. e4 e5 2. Nf3 Nc6 3. Bb5 a6 4. Bxc6 dxc6 5. O-O f6 6. d4 exd4 7. Nxd4 c5 8.
Ne2 Qxd1 9. Rxd1 Bd7 10. Be3 O-O-O 11. Nbc3 b6 12. Rd2 Re8 13. Rad1 Bc6 14. f3
Ne7 15. Nf4 Ng6 16. Nxg6 hxg6 17. Nd5 Bxd5 18. Rxd5 Bd6 19. Rxd6 cxd6 20. Rxd6
Kb7 21. Rd7+ Kc6 22. Rxg7 Rhg8 23. Rxg8 Rxg8 24. Kf2 Rh8 25. h3 b5 26. a3 a5
27. c4 Rb8 28. Bd2 b4 29. a4 Rd8 30. Ke2 g5 31. b3 Kd6 1/2-1/2

[Event "7th EuropCh Men"]
[Site "Kusadasi / Turkey"]
[Date "2006.04.08"]
[Round "5"]
[White "Gashimov, Vugar"]
[Black "L"]
[Result "1/2-1/2"]
[WhiteElo "2644"]
[BlackElo "2565"]
[PlyCount "70"]
[EventDate "2006.04.04"]
[EventRounds "11"]
[EventCountry "AUT"]

1. e4 e5 2. Nf3 Nc6 3. Bb5 a6 4. Ba4 Nf6 5. O-O Nxe4 6. d4 b5 7. Bb3 d5 8. dxe5
Be6 9. a4 b4 10. Be3 Be7 11. Nbd2 O-O 12. Qe2 Nxd2 13. Bxd2 Na5 14. Ba2 c5 15.
c3 b3 16. Bb1 Nc4 17. Bf4 Qd7 18. Bd3 Bf5 19. Bxc4 dxc4 20. Qxc4 Bd3 21. Rfd1
Rad8 22. Qxb3 Qf5 23. Ne1 Qxf4 24. Nxd3 Rxd3 25. Rxd3 c4 26. Qb7 cxd3 27. Qxe7
Qd2 28. Qd6 h6 29. b4 Re8 30. g3 Qe2 31. Qxa6 Rxe5 32. a5 Kh7 33. Qc4 Re4 34.
Qxf7 d2 35. Qf5+ Kh8 1/2-1/2

[Event "7th EuropCh Men"]
[Site "Kusadasi / Turkey"]
[Date "2006.04.08"]
[Round "5"]
[White "Atalik, Suat"]
[Black "Berescu, Alin"]
[Result "0-1"]
[WhiteElo "2627"]
[BlackElo "2461"]
[PlyCount "132"]
[EventDate "2006.04.04"]
[EventRounds "11"]
[EventCountry "AUT"]

1. d4 Nf6 2. c4 e6 3. Nf3 Bb4+ 4. Nbd2 Nc6 5. a3 Bxd2+ 6. Qxd2 a5 7. b3 Qe7 8.
d5 exd5 9. cxd5 Ne5 10. Bb2 d6 11. Nxe5 dxe5 12. Qg5 O-O 13. Bxe5 Ra6 14. e3 h6
15. Qf4 Nxd5 16. Qd4 Re6 17. Bg3 Nxe3 18. fxe3 Rd8 19. Qa7 Rxe3+ 20. Kf2 Rxg3
21. hxg3 Qf6+ 22. Kg1 Qxa1 23. Rh4 Qxa3 24. Rf4 Qxb3 25. Bc4 Qxg3 26. Rxf7 Kh7
27. Qxa5 Qe3+ 28. Kh2 Rd4 29. Rf3 Rh4+ 30. Kg3 Qg5+ 31. Qxg5 hxg5 32. Bd3+ Kg8
33. Bg6 Rh6 34. Bf7+ Kh7 35. Re3 Bf5 36. Re7 Rc6 37. Re1 g6 38. Re7 Kh6 39. Bd5
Rc3+ 40. Kf2 Rc2+ 41. Kf3 c6 42. Bg8 g4+ 43. Kf4 Rf2+ 44. Kg3 Rb2 45. Kh4 g5+
46. Kg3 Kg6 47. Rc7 Rb4 48. Re7 Kf6 49. Rf7+ Ke5 50. Rg7 Kd6 51. Rxg5 Bd7 52.
Rg6+ Kc5 53. Rg5+ Kb6 54. Rg7 Rd4 55. Kf2 c5 56. Ke3 Ka5 57. Rg5 Kb4 58. Bd5 b5
59. Rh5 Kc3 60. Be4 c4 61. Rh1 Rd6 62. Rc1+ Kb4 63. g3 Kc5 64. Ra1 b4 65. Ra7
b3 66. Rc7+ Bc6 0-1

[Event "7th EuropCh Men"]
[Site "Kusadasi / Turkey"]
[Date "2006.04.08"]
[Round "5"]
[White "Palac, Mladen"]
[Black "Galkin, Alexander"]
[Result "1/2-1/2"]
[WhiteElo "2561"]
[BlackElo "2618"]
[PlyCount "25"]
[EventDate "2006.04.04"]
[EventRounds "11"]
[EventCountry "AUT"]

1. e4 c6 2. d4 d5 3. Nc3 dxe4 4. Nxe4 Nd7 5. Nf3 Ngf6 6. Ned2 e6 7. Nc4 Be7 8.
Bf4 O-O 9. Be2 b6 10. Nfe5 Bb7 11. O-O Nd5 12. Bg3 c5 13. Nxd7 1/2-1/2